| 000 | 02623nam a22002537a 4500 | ||
|---|---|---|---|
| 005 | 20250122151958.0 | ||
| 008 | 250113b ||||| |||| 00| 0 eng d | ||
| 020 | _a9788197325410 | ||
| 040 | _cAL | ||
| 041 | _akan | ||
| 082 |
_223 _aK894.3 _bDOSA |
||
| 100 |
_aFyodor Dostoevsky _9194607 |
||
| 100 |
_9193347 _dಫ್ಯೋದೋರ್ ದಾಸ್ತೋವ್ಸ್ ಕಿ |
||
| 245 |
_aAparadha mattu shikshe _bಅಪರಾಧ ಮತ್ತು ಶಿಕ್ಷೆ |
||
| 260 |
_aMysore _bAbhiruchi Prakashana _c2024 |
||
| 300 |
_axix,560p. _bPB _c24x16cm. |
||
| 365 |
_2Kannada _aBLCR-000062 _b560.00 _c₹ _d700.00 _e20% _f07-01-2025 |
||
| 520 | _aಹಳ್ಳಿಯಿಂದ ಬಂದು ಸೇಂಟ್ ಪೀಟರ್ಸ್ಬರ್ಗ್ ನಗರದಲ್ಲಿ ವಿಶ್ವವಿದ್ಯಾಲಯ ವಿದ್ಯಾರ್ಥಿಯಾಗಿದ್ದ ಬಡ ಹುಡುಗ ರಾಸ್ಕೋಲ್ನಿಕೋವ್, ತಾನೇ ರೂಪಿಸಿಕೊಂಡ ಬೌದ್ಧಿಕ ತತ್ವಕ್ಕೆ ಶರಣಾಗಿ, ಕೊಲೆ ಮಾಡಿ, ತಪ್ಪು, ಅಪರಾಧ, ಪಶ್ಚಾತ್ತಾಪಗಳಲ್ಲಿ ಕುದಿಯುವ ಕಥೆ ಬದುಕಿನ ದುರ್ಭರ ವಾಸ್ತವ ಮತ್ತು ವಿಚಾರಲೋಕ, ಪಶ್ಚಾತ್ತಾಪ ಮತ್ತು ಸಮರ್ಥನೆಗಳ ಘರ್ಷಣೆ, ಭೀತಿ, ಸ್ವಮರುಕ, ನಾನತ್ವಗಳ ತಿರುಗಣಿಯು ಮನುಷ್ಯರ ಅಂತರಂಗದಲ್ಲಿ ಸೃಷ್ಟಿಸುವ ಮಹಾ ನಾಟಕ ಅಪರಾಧ ಮತ್ತು ಶಿಕ್ಷೆ. ಇಲ್ಲಿ ಬರುವ ಪಾತ್ರಗಳೆಲ್ಲವೂ ಒಂದು ಇನ್ನೊಂದರ ಪ್ರತಿಬಿಂಬವಾಗುತ್ತ ಓದುಗರ ವ್ಯಕ್ತಿತ್ವಕ್ಕೂ ಕನ್ನಡಿಯಾಗುತ್ತವೆ. ಹತ್ತೊಂಬತ್ತನೆಯ ಶತಮಾನದ ರಶಿಯನ್ ನಗರದ ಬದುಕಿನ ದಟ್ಟ ವಿವರ, ಆ ಕಾಲದ ಮುಖ್ಯ ಚರ್ಚೆಗಳು, ಸ್ವಪ್ನಲೋಕ, ಬಡತನ, ಕಾನೂನು, ಮನುಷ್ಯ ಸಂಬಂಧ, ಫಿಲಾಸಫಿ, ಸೈಕಾಲಜಿ ಎಲ್ಲವೂ ಹದವಾಗಿ ಬೆರೆತ ಮಹಾ ಕೃತಿ ಅಪರಾಧ ಮತ್ತು ಶಿಕ್ಷೆ. | ||
| 650 |
_aCrime and Punishment _9193336 |
||
| 650 |
_aKannada Fiction _9193337 |
||
| 650 |
_aTranslated English-Kannada _9193338 |
||
| 700 |
_aNAGABHUSHANA SWAMY (O L): ನಾಗಭೂಷಣ ಸ್ವಾಮಿ (ಓ ಎಲ್) Tr _9193348 |
||
| 942 |
_2ddc _cBK |
||
| 999 |
_c233629 _d233629 |
||